000 00829nam a2200265 a 4500
001 000028683
003 DO-SdBPM
005 20250603131518.0
008 110411s2016 dr a 000 p spa d
020 _a9789945175806
040 _aDO-SdBPM
_bspa
_cBPMSU
082 4 _aRD863.44
_bN576t 2016
_222
100 1 _aNg, Leibi
_q(Ng, Leiby)
245 1 0 _a¿Tú entendiste?, porque yo no /
_cLeibi Ng ; ilustraciones Wi-Hen Fung
_b
260 _aSanto Domingo :
_bSM,
_c2016
300 _a48 p. :
_bils. ;
_c22 cm.
490 0 _aEl Barco de vapor
590 _6Inventariado, 2025/VM
650 4 _aCuentos infantiles dominicanos
650 4 _aLiteratura infantil dominicana
650 4 _aLibros ilustrados para niños
700 1 _aHen Fung, Wi
_eilustraciones
910 _aVMateo V. Control de calidad (BPMSU)
942 _2ddc
_cBK
999 _c15129
_d15129